<?xml version="1.0" encoding="UTF-8"?>
<collection xmlns:xsi="http://www.w3.org/2001/XMLSchema-instance" xsi:schemaLocation="http://www.loc.gov/MARC21/slim http://www.loc.gov/standards/marcxml/schema/MARC21slim.xsd" xmlns="http://www.loc.gov/MARC21/slim">
 <record>
  <leader>00000cam a22000004a 4500</leader>
  <controlfield tag="001">UP-1685675941123680841</controlfield>
  <controlfield tag="003">Buklod</controlfield>
  <controlfield tag="005">20071009080124.0</controlfield>
  <controlfield tag="006">aa         |||1 u|</controlfield>
  <controlfield tag="007">ta</controlfield>
  <controlfield tag="008">051102m19791963xx c   erb   |000 0beng d</controlfield>
  <datafield tag="035" ind1=" " ind2=" ">
   <subfield code="a">(iLib)UPTAC-00000000590</subfield>
  </datafield>
  <datafield tag="040" ind1=" " ind2=" ">
   <subfield code="a">UPVTC</subfield>
  </datafield>
  <datafield tag="041" ind1="0" ind2=" ">
   <subfield code="a">eng</subfield>
  </datafield>
  <datafield tag="090" ind1=" " ind2="0">
   <subfield code="a">DS 675.8 R5</subfield>
   <subfield code="b">G8 1979</subfield>
  </datafield>
  <datafield tag="100" ind1="1" ind2=" ">
   <subfield code="a">Guerrero, León María</subfield>
   <subfield code="d">1915-</subfield>
  </datafield>
  <datafield tag="245" ind1="1" ind2="4">
   <subfield code="a">The first Filipino</subfield>
   <subfield code="b">a biography of José Rizal</subfield>
   <subfield code="c">by León María Guerrero with an introduction by Carlos Ouirino.</subfield>
  </datafield>
  <datafield tag="264" ind1=" " ind2="1">
   <subfield code="a">Manila</subfield>
   <subfield code="b">National Historical Institute</subfield>
   <subfield code="c">1979.</subfield>
  </datafield>
  <datafield tag="300" ind1=" " ind2=" ">
   <subfield code="a">703 p.</subfield>
   <subfield code="b">ports.</subfield>
   <subfield code="c">27</subfield>
  </datafield>
  <datafield tag="505" ind1="0" ind2=" ">
   <subfield code="a">Table of Contents: Preface. Introduction by Carlos Quirino. Prologue: The Last Spaniard. -- Part One: I. Something to Remember -- II. The &quot;Principales&quot; -- III. A child of Good Family -- IV. Religion, Race and Rhetoric -- V. University Life -- VI. A Hidden Purpose -- VII. A Voyage to a New World -- Part Two: VIII. Student's Teachings -- IX. A Novelist's Diagnosis -- X. An Advocate's Trials -- XI. The Nostalgic Historian -- XII. The Prophetic Journalist -- XIII. A Politician Without Ambition -- XIV. The Reluctant Revolutionary -- Part Three: XV. A Choice of Islands -- XVI. Climax and Anti-Climax -- XVII. A Commerce in Butterflies -- XVIII. A Race with Revolution -- XIX. A Leader Overtaken -- XX. The Hounds of Heaven -- XXI. An End and a Beginning. -- Epilogue: The First Filipino. A Working Bibliography. Annotated References to Sources. Index.</subfield>
  </datafield>
  <datafield tag="600" ind1="0" ind2="0">
   <subfield code="a">Rizal, José</subfield>
   <subfield code="d">1861-1.</subfield>
  </datafield>
  <datafield tag="856" ind1="4" ind2="1">
   <subfield code="3">Table of contents only</subfield>
   <subfield code="u">https://drive.google.com/file/d/1PAdqkT-Zlbo7t_p5VP-zohHyZWyVYO0z/view?usp=sharing</subfield>
  </datafield>
  <datafield tag="905" ind1=" " ind2=" ">
   <subfield code="a">FI</subfield>
  </datafield>
  <datafield tag="852" ind1="0" ind2=" ">
   <subfield code="a">UPTAC</subfield>
   <subfield code="b">UPTAC</subfield>
   <subfield code="h">DS 675.8 R5</subfield>
   <subfield code="i">G8 1979</subfield>
  </datafield>
  <datafield tag="942" ind1=" " ind2=" ">
   <subfield code="a">Book</subfield>
  </datafield>
 </record>
</collection>
